000 00775nas a2200241 4500
001 BR7800593
003 BR-BrBNA
005 20231205083314.0
007 ta
008 230509b bl.|||p| |||| 00| 00por d
040 _aBR-BrBNA
_bpor
_cBiblioteca Nacional de Agricultura
041 _a(Pt)
072 _aL70
100 1 _aAraujo, C.G. de
100 1 _aHossne, W.S.
245 1 _aManometria portal no cao, correlacao com pressao arterial, pressao venosa central, peso, comprimento e espessura toracica [laparotomia mediana]
650 _aCIRURGIA
650 _aPRESSAO ARTERIAL
650 _aCAO
773 0 _tCiencia e Cultura (Brazil)
_xISSN 0009-6725
_g(Jan 1977), v. 29(1) p. 59-62
_wBR7800593
909 _a202311
_bLúcia
_c55
_dLúcia Elande
942 _2AGRIS
_n0
_cANA
999 _c97866
_d97866